Detalles MARC
| 000 -CABECERA |
| campo de control de longitud fija |
01361nam a2200313 i 4500 |
| 001 - NÚMERO DE CONTROL |
| campo de control |
000020197 |
| 003 - IDENTIFICADOR DEL NÚMERO DE CONTROL |
| campo de control |
DO-SdBNP |
| 005 - FECHA Y HORA DE LA ÚLTIMA TRANSACCIÓN |
| campo de control |
20240524145257.0 |
| 007 - CAMPO FIJO DE DESCRIPCIÓN FÍSICA--INFORMACIÓN GENERAL |
| campo de control de longitud fija |
ta |
| 008 - DATOS DE LONGITUD FIJA--INFORMACIÓN GENERAL |
| campo de control de longitud fija |
100727s1960 dr 000 0 spa d |
| 040 ## - FUENTE DE LA CATALOGACIÓN |
| Centro catalogador/agencia de origen |
DO-SdBNP |
| Lengua de catalogación |
spa |
| Centro/agencia transcriptor |
BNPHU |
| Normas de descripción |
rda |
| 082 04 - NÚMERO DE LA CLASIFICACIÓN DECIMAL DEWEY |
| Número de clasificación |
972.9304 |
| Número de documento/Ítem |
U58c |
| Número de edición |
22 |
| 110 1# - ENTRADA PRINCIPAL--NOMBRE DE ENTIDAD CORPORATIVA |
| Nombre de entidad corporativa o nombre de jurisdicción como elemento de entrada |
United States. |
| Unidad subordinada |
Commission of Inquiry to Santo Domingo. |
| 9 (RLIN) |
42792 |
| 245 10 - MENCIÓN DE TÍTULO |
| Título |
Informe de la Comisión de Investigación de los E.U.A en Santo Domingo en 1871 / |
| Mención de responsabilidad, etc. |
Prefacio y notas de Emilio Rodríguez Demorizi. |
| 264 ## - PRODUCCIÓN, PUBLICACIÓN, DISTRIBUCIÓN, FABRICACIÓN Y COPYRIGHT |
| Producción, publicación, distribución, fabricación y copyright |
Ciudad Trujillo : |
| Nombre del de productor, editor, distribuidor, fabricante |
Editora Montalvo, |
| Fecha de producción, publicación, distribución, fabricación o copyright |
1960. |
| 300 ## - DESCRIPCIÓN FÍSICA |
| Extensión |
650 páginas : |
| Otras características físicas |
facsims ; |
| Dimensiones |
25 cm. |
| 336 ## - TIPO DE CONTENIDO |
| Fuente |
rdacontent |
| Término de tipo de contenido |
texto |
| Código de tipo de contenido |
txt |
| 337 ## - TIPO DE MEDIO |
| Fuente |
rdamedia |
| Nombre/término del tipo de medio |
sin mediación |
| Código del tipo de medio |
n |
| 490 0# - MENCIÓN DE SERIE |
| Mención de serie |
Academia Dominicana de la Historia; |
| Designación de volumen o secuencia |
9 |
| 500 ## - NOTA GENERAL |
| Nota general |
Breve refutación del Informe de los comisionados de Santo Domingo por José Gabriel García. |
| 500 ## - NOTA GENERAL |
| Nota general |
Incluye índice de personas, lugares y materias |
| 500 ## - NOTA GENERAL |
| Nota general |
Incluye referencias bibliograficas y notas al pie de las páginas |
| 590 ## - NOTA LOCAL (RLIN) |
| Nota local |
Inventariado, 2019/BT |
| 650 #4 - PUNTO DE ACCESO ADICIONAL DE MATERIA--TÉRMINO DE MATERIA |
| Término de materia o nombre geográfico como elemento de entrada |
República dominicana |
| Subdivisión general |
Historia |
| Subdivisión cronológica |
1865-1916 |
| 9 (RLIN) |
38205 |
| 700 12 - PUNTO DE ACCESO ADICIONAL--NOMBRE DE PERSONA |
| Nombre de persona |
García, José Gabriel. |
| Título de la obra |
Breve refutación del Informe de los comisionados de Santo Domingo. |
| 9 (RLIN) |
42793 |
| 700 12 - PUNTO DE ACCESO ADICIONAL--NOMBRE DE PERSONA |
| Nombre de persona |
Rodríguez Demorizi, Emilio, |
| Fechas asociadas al nombre |
1908-1986 |
| 9 (RLIN) |
1039 |
| 910 ## - DATOS DE OPCIÓN DEL USUARIO (OCLC) |
| Datos de opción del usuario |
Validado. Control de calidad MFF |
| 942 ## - ELEMENTOS DE PUNTO DE ACCESO ADICIONAL (KOHA) |
| Fuente del sistema de clasificación o colocación |
Dewey Decimal Classification |
| Tipo de ítem Koha |
Libro |